Fruits et légumes aléatoire en Anglais - Statistiques

Statistiques générales
  • Ce quiz a été pris 491 fois
  • Le résultat moyen est 6 sur 10
Statistiques - réponses
Fruit / légume Traduction % Correct
Pomme Apple
98%
Tomate Tomato
98%
Banane Banana
95%
Citron Lemon
95%
Pêche Peach
94%
Fraise Strawberry
92%
Pastèque Watermelon
89%
Noix de Coco Coconut
88%
Carotte Carrot
86%
Poire Pear
86%
Cerise Cherry
84%
Maïs Corn
84%
Mangue Mango
84%
Fruit de la passion Passion fruit
83%
Gingembre Ginger
81%
Concombre Cucumber
80%
Ananas Pineapple
80%
Champignons Mushroom
79%
Épinard Spinach
78%
Oignon Onion
76%
Myrtille Blueberry
75%
Haricot Bean
74%
Melon Melon
72%
Poivron Pepper
67%
Citrouille Pumpkin
67%
Pomme de terre Potatoe
65%
Cornichon Pickle
62%
Salade verte Green salad
58%
Laitue Lettuce
58%
Haricot vert Green bean
56%
Framboise Raspberry
56%
Petit pois Peas
49%
Mûre Blackberry
48%
Choux-Fleur Cauliflower
48%
Mandarine Tangerine / Mandarin
45%
Courgette Zucchini
43%
Radis Radish
39%
Betterave Beet
36%
Aubergine Eggplant
34%
Céleri Celery
29%
Choux Cabbage
27%
Poireau Leek
22%
Asperges Asparagus
21%
Raisin Grapefruit
18%
Cassis Blackcurrant
17%
Grenade Pomegranate
17%
Fenouil Fennel
15%
Patate douce Yam
10%
Navet Turnip
9%
Panais Parsnip
3%
Groseille Gooseberry
0%
Aucun quiz correspondant
Distribution des résultats
% des personnes avec chaque résultat
Percentile par nombre de réponses
Votre historique - résultats
Vous n’avez pas pris ce quiz